000 00511 a2200181 4500
020 _a9781439837825
082 _a621.3822
090 _c7196
_d7196
100 _aStearns, Samuel D
110 _aHush, Don R
245 _aDigital signal processing with examples in MATLAB
_cSamuel D Stearns
250 _a2nd ed.
260 _aNEW York
_bCRC Press
_c2011
300 _a483 p.
650 _aSignal processing--Digital techniques--Computer simulation
700 _aSamuel D Stearns
942 _cBK
_k621.3822 STE
999 _c10999
_d10999